|
|
|
|
| LEADER |
00000nam a2200000 a 4500 |
| 001 |
UCQ6926 |
| 003 |
CL-VaPUC |
| 008 |
981023e19830000SP |||||||||||||||||spa|d |
| 082 |
0 |
4 |
|a Ch863
|b VAL
|2 21
|
| 100 |
0 |
|
|a Valdivieso, Jaime
|e author
|9 420847
|
| 245 |
1 |
4 |
|a Las máscaras del ruiseñor
|
| 300 |
|
|
|a 134 p
|
| 942 |
|
|
|c BK
|
| 945 |
|
|
|d 19981023 00:00:00
|a crobeson
|
| 260 |
|
|
|a Madrid
|b Alfaguara
|c 1983
|
| 650 |
|
0 |
|a Novelas chilenas
|9 265425
|
| 650 |
|
0 |
|a Literatura chilena
|9 308278
|
| 583 |
|
|
|a last modification
|c 19981023 00:00:00
|k Rodrigo Vera
|
| 999 |
|
|
|c 276823
|d 276821
|
| 952 |
|
|
|0 0
|1 0
|4 0
|6 CH_863_000000000000000_VAL_1983
|7 0
|8 A
|9 314309
|a BIBEDU
|b BIBEDU
|d 2019-11-20
|i 1486403
|o Ch863 VAL 1983
|p 1486403
|r 2019-11-20
|w 2019-11-20
|y BK
|k LIT
|